00000000nam 2200000zi 4500
0019.925225
003CaOODSP
00520241203113656
006m     o  d f      
007cr |n|||||||||
008230719n1990    onca    ob   f|0| 0 eng d
040 |aCaOODSP|beng|erda|cCaOODSP
043 |an-cn---
0861 |aEn4-554/1990E-PDF
24500|aAlternatives to pesticides.
264 1|a[Ottawa] : |bEnvironment Canada = Environnement Canada, |c[1990]
300 |a1 online resource (2 unnumbered pages) : |billustrations
336 |atext|btxt|2rdacontent
337 |acomputer|bc|2rdamedia
338 |aonline resource|bcr|2rdacarrier
500 |aDigitized edition from print [produced by Environment and Climate Change Canada].
504 |aIncludes bibliographical references (page [1]).
650 0|aInsect pests|xControl|zCanada.
650 0|aWeeds|xControl|zCanada.
650 6|aInsectes nuisibles|xLutte contre|zCanada.
650 6|aMauvaises herbes|xLutte contre|zCanada.
7101 |aCanada. |bEnvironment Canada, |eissuing body.
85640|qPDF|s2.52 MB|uhttps://publications.gc.ca/collections/collection_2024/eccc/en4/En4-554-1990-eng.pdf